The Chemistry of the P- Block Elements ; (Record no. 200895)

MARC details
000 -LEADER
fixed length control field 00654nam a22001937a 4500
005 - DATE AND TIME OF LATEST TRANSACTION
control field 20240219123102.0
010 ## - LCCN (DPL NO)
LC control number ENG-139358
020 ## - INTERNATIONAL STANDARD BOOK NUMBER
Terms of availability 1,105.00/-
International Standard Book Number 978-93-86235-71-8
035 ## - SYSTEM CONTROL NUMBER
System control number EN-122890
037 ## - SOURCE OF ACQUISITION
Source of stock number/acquisition DBAD/PUB
082 ## - DEWEY DECIMAL CLASSIFICATION NUMBER
Classification number 540
100 ## - MAIN ENTRY--PERSONAL NAME
Personal name J Elias , Anil
245 ## - TITLE STATEMENT
Title The Chemistry of the P- Block Elements ;
Statement of responsibility, etc By Anil J Elias
Remainder of title Syntheses, Reactions And Applications/
260 ## - PUBLICATION, DISTRIBUTION, ETC. (IMPRINT)
Place of publication, distribution, etc Hyderabad
Name of publisher, distributor, etc Universities Press (India) Private Limited
Date of publication, distribution, etc 2019
270 ## - ADDRESS
Address 3-6-747/`1/A& 3-6-754/1, Himayatnagar , Hyderabad 500029 , Telagana
300 ## - PHYSICAL DESCRIPTION
Extent 624p.
Dimensions 24cm(pb)
700 ## - ADDED ENTRY--PERSONAL NAME
9 (RLIN) 62253
942 ## - ADDED ENTRY ELEMENTS (KOHA)
Source of classification or shelving scheme Dewey Decimal Classification
Item type English Books
Call number suffix CHE
Classification part 540
Holdings
Withdrawn status Lost status Not for loan Collection code Home library Current library Date acquired Source of acquisition Cost, normal purchase price Full call number Barcode Copy number Cost, replacement price Koha item type
      Non-fiction Tri Nagar Tri Nagar 19/02/2024 DBAD/PUB 1105.00 CHE 540 EN-122890 1 1105.00 English Books

© Delhi Public Library
Hit Counter
free hit counter